| 000 | 00534cam a22001934a 4500 | ||
|---|---|---|---|
| 003 | OSt | ||
| 008 | 240220b |||||||| |||| 00| 0 eng d | ||
| 020 | _a9780124157972 (alk. paper) | ||
| 041 | _aeng | ||
| 082 | 0 | 0 |
_a631.41 _bBLE/SO |
| 100 | 1 |
_aBleam, W. F. _96079 |
|
| 245 | 1 | 0 | _aSoil and environmental chemistry / |
| 260 |
_aBoston : _bAcademic Press, _cc2012. |
||
| 300 |
_a478 p. : _bill ; |
||
| 500 | _aReprinted with corrections. | ||
| 650 | 0 |
_aSoil chemistry. _96080 |
|
| 650 | 0 |
_aEnvironmental chemistry. _96081 |
|
| 942 | _cBK | ||
| 999 |
_c13748 _d13748 |
||